Modernism and the posthumanist subject : the architecture of Hannes Meyer and Ludwig Hilberseimer (Record no. 13263)

MARC details
000 -LEADER
fixed length control field 00911nam a2200229Ia 4500
008 - FIXED-LENGTH DATA ELEMENTS--GENERAL INFORMATION
fixed length control field 191130s1992##################000#0#eng##
020 ## - INTERNATIONAL STANDARD BOOK NUMBER
International Standard Book Number 9780262581417
022 ## - INTERNATIONAL STANDARD SERIAL NUMBER
International Standard Serial Number 92001165
040 ## - CATALOGING SOURCE
Original cataloging agency ACL
Transcribing agency ACL
082 ## - DEWEY DECIMAL CLASSIFICATION NUMBER
Classification number 720.92 HAY
100 ## - MAIN ENTRY--PERSONAL NAME
Personal name Hays, K. Michael
245 ## - TITLE STATEMENT
Title Modernism and the posthumanist subject : the architecture of Hannes Meyer and Ludwig Hilberseimer
Statement of responsibility, etc. K. Michael Hays
260 ## - PUBLICATION, DISTRIBUTION, ETC.
Place of publication, distribution, etc. Cambridge, MA
Name of publisher, distributor, etc. MIT Press
Date of publication, distribution, etc. c1992
300 ## - PHYSICAL DESCRIPTION
Extent 336 p. : ill. ; 24 cm
500 ## - GENERAL NOTE
General note Based on the author's thesis (doctoral--Massachusetts Institute of Technology) Includes bibliographical references (p. [290]-329) and index
650 ## - SUBJECT ADDED ENTRY--TOPICAL TERM
Topical term or geographic name entry element Functionalism (Architecture) - Germany
Topical term or geographic name entry element Hilberseimer, Ludwig - Criticism and interpretation
Topical term or geographic name entry element Meyer, Hannes, 1889-1954 - Criticism and interpretation
990 ## - EQUIVALENCES OR CROSS-REFERENCES [LOCAL, CANADA]
Link information for 9XX fields 5edce58eac10000c5f998b9652fa5ab7
991 ## -
-- 304794
Holdings
Withdrawn status Lost status Materials specified (bound volume or other part) Damaged status Not for loan Home library Current library Shelving location Date acquired Total Checkouts Full call number Barcode Date last seen Price effective from Koha item type
    pbk     Anna Centenary Library Anna Centenary Library 6TH FLOOR, B WING 09.10.2020   720.92 HAY 464409 09.10.2020 09.10.2020 English Books

Find us on the map